B.Sc. statistics 123: (Record no. 25199)

MARC details
000 -LEADER
fixed length control field 00846nam a22002177a 4500
008 - FIXED-LENGTH DATA ELEMENTS--GENERAL INFORMATION
fixed length control field 090313t xxu||||| |||| 00| 0 eng d
010 ## - LCCN (DPL NO)
LC control number ENG-93208
020 ## - INTERNATIONAL STANDARD BOOK NUMBER
International Standard Book Number 9788190749800
Terms of availability 150.00
035 ## - SYSTEM CONTROL NUMBER
System control number EN-76741
037 ## - SOURCE OF ACQUISITION
Source of stock number/acquisition DBAD / PUB
040 ## - CATALOGING SOURCE
Original cataloging agency dpl
Language of cataloging English
082 ## - DEWEY DECIMAL CLASSIFICATION NUMBER
Classification number 001.422
100 ## - MAIN ENTRY--PERSONAL NAME
Personal name Sathish Kumar, P.
245 ## - TITLE STATEMENT
Title B.Sc. statistics 123:
Statement of responsibility, etc by P. Sathish Kumar
Remainder of title fully solved questions for under graduation /
260 ## - PUBLICATION, DISTRIBUTION, ETC. (IMPRINT)
Place of publication, distribution, etc Salem
Name of publisher, distributor, etc Giri Law House
Date of publication, distribution, etc 2008
270 ## - ADDRESS
Address 55-A/314, Cherry Road,
City Salem
Postal code 636007
300 ## - PHYSICAL DESCRIPTION
Extent 288p.
Dimensions 21cm (pbk)
500 ## - GENERAL NOTE
General note Includes bibliographical references
942 ## - ADDED ENTRY ELEMENTS (KOHA)
Source of classification or shelving scheme Dewey Decimal Classification
Item type English Books
Call number suffix SAT
Classification part 001.422
Holdings
Withdrawn status Lost status Source of classification or shelving scheme Damaged status Not for loan Collection code Home library Current library Date acquired Source of acquisition Cost, normal purchase price Total Checkouts Full call number Barcode Date last seen Copy number Cost, replacement price Koha item type
    Dewey Decimal Classification   Not For Loan Non-fiction D.B.Act.Division D.B.Act.Division 13/03/2009 DBAD / PUB 150.00   001.422 SAT EN-76741 13/03/2009 1 150.00 English Books

© Delhi Public Library
Hit Counter
free hit counter